000 00915nam a22003257a 4500
001 BR2020000016
003 BR-BrBNA
005 20230928105457.0
007 ta
008 230509b bl.||||| |||| 00| 0 por d
020 _a978-85-7273-346-5
040 _aBR-BrBNA
_bpor
_cBiblioteca Nacional de Agricultura
041 _a(Por)
072 _aB50; E11; E12
090 _ B50 BR2020000016
100 1 _aMonteiro, D.M.
110 1 _aEditora da Universidade Federal do Rio Grande do Norte, Natal (Brasil)
_93482
245 1 _aTerra e trabalho na história. Estudos sobre o Rio Grande do Norte
260 3 _aNatal, RN (Brasil):
_c2008.
300 _a149 p.
500 _a29 ref.
650 _aHISTÓRIA
650 _aPOSSE DA TERRA
650 _aTRABALHO
650 _aMÃO-DE-OBRA
650 _aMERCADO DE TRABALHO
650 _aPOLÍTICA
909 _a202309
_bLucia
_c55
_dLucia Elande
942 _cBK
999 _c85310
_d85310